Počítačové rozpoznávanie písaných číslic

Saved in:
Bibliographic Details
Main Author: Kukučková, Miroslava (Author)
Other Authors: Slačka, Juraj (Thesis advisor)
Format: Manuscript Book
Language:Slovak
Published: 2018
Subjects:
Online Access:http://is.stuba.sk/zp/portal_zp.pl?podrobnosti=125320
Tags: Add Tag
No Tags, Be the first to tag this record!

MARC

LEADER 00000ntm a22000003a 4500
001 stuzp60570
003 SK-STU
005 20181107112916.7
007 ta
008 150427s2015----xo-----f-mn---000-0-slo-d
040 |a STU  |b slo 
041 0 |a slo 
044 |a xo 
100 1 |a Kukučková, Miroslava  |u 031000  |4 aut  |U FEI Fakulta elektrotechniky a informatiky  |T FEI Ústav robotiky a kybernetiky  |X 74524  |U E011  |Y 356  |7 74524 
242 0 1 |a Computer Recognition of Written Digits  |y eng 
245 1 0 |a Počítačové rozpoznávanie písaných číslic 
260 |c 2018 
300 |a 36 s., príl.,  |b CD-ROM 
650 4 |a neuron network  |2 eng 
650 4 |a processor  |2 eng 
650 4 |a parallel computation  |2 eng 
650 4 |a thread  |2 eng 
650 4 |a procesor  |2 slo 
650 4 |a paralelný výpočet  |2 slo 
650 4 |a vlákno  |2 slo 
650 4 |a neurónová sieť  |2 slo 
700 1 |a Slačka, Juraj  |u 031000  |k Z1  |4 ths  |U FEI Fakulta elektrotechniky a informatiky  |T FEI Ústav robotiky a kybernetiky  |X 50837  |U E011  |Y 356  |7 A000050837 
856 4 |u http://is.stuba.sk/zp/portal_zp.pl?podrobnosti=125320 
996 |b 284ER02663  |c E*Bc- 2663  |l EE31  |s P  |a 0  |w stuzp60570_0001